[Event "4NCL 2016-17"]
[Site "Reading ENG"]
[Date "2016.11.20"]
[Round "2.52"]
[White "Jones, Gawain C B"]
[Black "Taylor, Adam C"]
[Result "1-0"]
[WhiteTitle "GM"]
[BlackTitle "FM"]
[WhiteElo "2663"]
[BlackElo "2233"]
[WhiteTeam "Guildford"]
[BlackTeam "Anglian Avengers"]
[WhiteFideId "409561"]
[BlackFideId "424668"]
[EventDate "2016.11.19"]

1. e4 e6 2. d4 d5 3. Nd2 dxe4 4. Nxe4 Bd7 5. Nf3 Bc6 6. Neg5 Be7 7. Bc4 Bd5 8.
Bb5+ c6 9. Bd3 Bxf3 10. Nxf3 Nf6 11. O-O Nbd7 12. b3 Qa5 13. a3 O-O 14. Bb2 Qh5
15. Re1 Rfd8 16. c4 Bf8 17. Qc2 Bd6 18. h3 Rac8 19. Ne5 Qh4 20. Rad1 Bc7 21. Nf3
Qh5 22. Bf1 Qg6 23. Bd3 Qh5 24. Qc1 Bb8 25. Qe3 Qa5 26. Bb1 b5 27. Qg5 Qc7 28.
g3 bxc4 29. bxc4 Qb7 30. Qc1 Bd6 31. Ne5 Rb8 32. Bc3 Be7 33. Qc2 Bxa3 34. d5
cxd5 35. Nxd7 Rxd7 36. Bxf6 gxf6 37. Qxh7+ Kf8 38. cxd5 e5 39. Bf5 Rdd8 40. Qh4
Qb6 41. Qh8+ Ke7 42. Rxe5+ fxe5 43. Qxe5+ Kf8 44. Qh8+ Ke7 45. Re1+ Kd6 46. Qe5+
Kc5 47. d6+ Kc4 48. Re4+ Kb3 49. Qd5+ Kb2 50. Re2+ 1-0

[Event "4NCL 2016-17"]
[Site "Reading ENG"]
[Date "2016.11.20"]
[Round "2.53"]
[White "Mayhew, Andrew"]
[Black "Edouard, Romain"]
[Result "1/2-1/2"]
[BlackTitle "GM"]
[WhiteElo "2213"]
[BlackElo "2628"]
[WhiteTeam "Anglian Avengers"]
[BlackTeam "Guildford"]
[WhiteFideId "405493"]
[BlackFideId "633429"]
[EventDate "2016.11.19"]

1. e4 c5 2. d3 Nc6 3. g3 g6 4. Bg2 Bg7 5. f4 Nf6 6. Nf3 d6 7. O-O Rb8 8. Nc3 Nd4
9. Nxd4 cxd4 10. Ne2 Nd7 11. g4 b5 12. Ng3 e6 13. Bd2 Bb7 14. a4 bxa4 15. Rxa4
Bc6 16. Ra2 Rb7 17. b3 O-O 18. g5 Qc7 19. h4 f5 20. h5 fxe4 21. dxe4 Nc5 22. Qg4
Qc8 23. b4 Na4 24. Bh3 Re8 25. Qh4 Nc3 26. Bxc3 dxc3 27. f5 Bd4+ 28. Kh2 Bb5 29.
fxg6 hxg6 30. Rf6 Bxf6 1/2-1/2

[Event "4NCL 2016-17"]
[Site "Reading ENG"]
[Date "2016.11.20"]
[Round "2.54"]
[White "Pert, Nicholas"]
[Black "Player, Edmund C"]
[Result "1/2-1/2"]
[WhiteTitle "GM"]
[WhiteElo "2566"]
[BlackElo "2222"]
[WhiteTeam "Guildford"]
[BlackTeam "Anglian Avengers"]
[WhiteFideId "403989"]
[BlackFideId "406520"]
[EventDate "2016.11.19"]

1. d4 Nf6 2. Nf3 g6 3. c4 Bg7 4. Nc3 d5 5. cxd5 Nxd5 6. Bg5 Nxc3 7. bxc3 O-O 8.
e3 b6 9. Be2 Nd7 10. O-O Bb7 11. Qb3 Nf6 12. Rad1 Ne4 13. Bh4 Qd6 14. Nd2 Nxd2
15. Rxd2 e6 16. Rfd1 Rfc8 17. c4 a5 18. Qc2 Bf8 19. Bg3 Qa3 20. c5 bxc5 21. Rd3
Be4 22. f3 c4 23. fxe4 cxd3 24. Rxd3 Qe7 25. Rc3 1/2-1/2

[Event "4NCL 2016-17"]
[Site "Reading ENG"]
[Date "2016.11.20"]
[Round "2.55"]
[White "Talsma, Paul"]
[Black "Fernandez, Daniel Howard"]
[Result "0-1"]
[BlackTitle "IM"]
[WhiteElo "2177"]
[BlackElo "2450"]
[WhiteTeam "Anglian Avengers"]
[BlackTeam "Guildford"]
[WhiteFideId "1018779"]
[BlackFideId "5801605"]
[EventDate "2016.11.19"]

1. d4 Nf6 2. c4 g6 3. Nc3 d5 4. e3 Bg7 5. Qb3 dxc4 6. Bxc4 O-O 7. Nf3 a6 8. Ne5
e6 9. O-O Qe7 10. Be2 c5 11. dxc5 Qxc5 12. Nd3 Qe7 13. e4 Nc6 14. Be3 Nd7 15.
Qc4 Na5 16. Qa4 Qd8 17. Rad1 b5 18. Qc2 Qe7 19. f4 Bb7 20. Bf3 Rac8 21. Qf2 Nc4
22. Bd4 Bxd4 23. Qxd4 Nc5 24. Nxc5 Qxc5 25. Qxc5 Rxc5 26. b4 Rc7 27. Rf2 Rfc8
28. Rd3 Nb6 29. Nd1 Rc4 30. Rd6 Na4 31. a3 Bxe4 32. Rxa6 Rd8 33. Be2 Rc1 34. Rf1
Rc2 35. Re1 Rxe2 36. Rxe2 Rxd1+ 37. Kf2 Bd3 38. Re1 Rxe1 39. Kxe1 h6 40. Kd2 Bf1
41. g3 Kg7 42. Ke3 g5 43. Ra7 Kg6 44. Ra8 Nb6 45. Ra6 Nd5+ 46. Kf3 gxf4 47. gxf4
Kf5 48. Ra7 f6 49. Rh7 Nxf4 50. Rxh6 e5 51. h4 e4+ 52. Kf2 Bd3 53. Rh8 Kg4 0-1

[Event "4NCL 2016-17"]
[Site "Reading ENG"]
[Date "2016.11.20"]
[Round "2.56"]
[White "Hebden, Mark L"]
[Black "Oyama, Akito"]
[Result "1/2-1/2"]
[WhiteTitle "GM"]
[WhiteElo "2491"]
[BlackElo "2174"]
[WhiteTeam "Guildford"]
[BlackTeam "Anglian Avengers"]
[WhiteFideId "400084"]
[BlackFideId "7001630"]
[EventDate "2016.11.19"]

1. d4 e6 2. Nf3 Nf6 3. e3 b6 4. Bd3 Bb7 5. O-O c5 6. c4 Be7 7. Nc3 cxd4 8. exd4
d5 9. cxd5 Nxd5 10. Ne5 O-O 11. Qg4 Nxc3 12. bxc3 Bf6 13. Qh3 g6 14. Ng4 Bg7 15.
Re1 Nd7 16. Nh6+ Bxh6 17. Bxh6 Re8 18. Qg3 Rc8 19. Rac1 Qe7 20. Bb5 Bc6 21. a4
a5 22. Bxc6 Rxc6 23. d5 Rd6 24. c4 e5 25. f4 e4 26. f5 Nc5 27. Rcd1 Rd7 28. Qg4
Qf6 29. fxg6 Qxg6 30. Qh3 Re5 31. Bc1 Rh5 32. Qa3 f5 33. Be3 Rg7 34. Qa2 Qd6 35.
g3 f4 36. Qe2 Rhg5 37. Bxc5 Qxc5+ 38. Qf2 Rxg3+ 39. hxg3 Rxg3+ 40. Kf1 Rf3 41.
Qxf3 exf3 42. Re4 b5 43. axb5 a4 44. Rxf4 Qe3 45. Rg4+ Kf7 46. Re1 Qd3+ 47. Kg1
Qd2 48. Rf1 Qe3+ 49. Kh2 Qe2+ 50. Kg1 Qe3+ 51. Kh2 Qe2+ 1/2-1/2

[Event "4NCL 2016-17"]
[Site "Reading ENG"]
[Date "2016.11.20"]
[Round "2.57"]
[White "Gallagher, Daniel GH"]
[Black "Flear, Glenn C"]
[Result "1/2-1/2"]
[BlackTitle "GM"]
[WhiteElo "2122"]
[BlackElo "2430"]
[WhiteTeam "Anglian Avengers"]
[BlackTeam "Guildford"]
[WhiteFideId "436550"]
[BlackFideId "400165"]
[EventDate "2016.11.19"]

1. d4 d5 2. c4 e6 3. Nc3 Nf6 4. Nf3 c6 5. Bg5 Nbd7 6. e3 Qa5 7. cxd5 Nxd5 8. Qd2
N7b6 9. Bd3 Nxc3 10. bxc3 Nd5 11. O-O h6 12. Bh4 Qxc3 13. Qe2 Bd6 14. Nd2 Qa5
15. Nc4 Qc7 16. Nxd6+ Qxd6 17. Bg3 Qd7 18. Rac1 O-O 19. Rfd1 b6 20. e4 Ne7 21.
Bb1 Bb7 22. h4 Rad8 23. h5 Qe8 24. Rc3 Rd7 25. Bf4 f6 26. Rg3 Kh8 27. Bc2 Qf7
28. Qe3 Ng8 29. Rg6 Rfd8 30. e5 f5 31. Bb3 Re7 32. Bg3 Ree8 33. Bh4 Rc8 34. Qf4
c5 35. Ba4 Bc6 36. Bxc6 Rxc6 37. d5 Rcc8 38. d6 Qd7 39. Rd3 Rf8 40. Qc4 Rce8 1/2-1/2

[Event "4NCL 2016-17"]
[Site "Reading ENG"]
[Date "2016.11.20"]
[Round "2.58"]
[White "Ciuksyte, Dagne"]
[Black "York-Andersen, Anna"]
[Result "1-0"]
[WhiteTitle "IM"]
[WhiteElo "2318"]
[BlackElo "1788"]
[WhiteTeam "Guildford"]
[BlackTeam "Anglian Avengers"]
[WhiteFideId "12800619"]
[BlackFideId "416789"]
[EventDate "2016.11.19"]

1. d4 Nf6 2. c4 g6 3. f3 Bg7 4. e4 d6 5. Nc3 O-O 6. Nge2 a6 7. Be3 Nbd7 8. Ng3
c5 9. d5 Rb8 10. Qd2 Ne8 11. Be2 Nc7 12. a4 Nf6 13. O-O Bd7 14. a5 b5 15. axb6
Rxb6 16. e5 Nfe8 17. f4 Qc8 18. Kh1 Na8 19. exd6 exd6 20. f5 Nf6 21. Bg5 gxf5
22. Bxf6 Bxf6 23. Bd3 Qd8 24. Nxf5 Bxf5 25. Rxf5 Rb7 26. Rh5 Re8 27. Qh6 Bg7 28.
Rg5 f6 29. Qxh7+ Kf8 30. Rf1 Re5 31. Ne4 Rf7 32. Rxg7 Rxg7 33. Qh8+ 1-0

[Event "4NCL 2016-17"]
[Site "Reading ENG"]
[Date "2016.11.20"]
[Round "2.61"]
[White "Sowray, Peter J"]
[Black "Pardo Simon, David"]
[Result "1/2-1/2"]
[WhiteTitle "FM"]
[BlackTitle "IM"]
[WhiteElo "2310"]
[BlackElo "2478"]
[WhiteTeam "Barbican 4NCL"]
[BlackTeam "Grantham Sharks"]
[WhiteFideId "400971"]
[BlackFideId "2296276"]
[EventDate "2016.11.19"]

1. d4 Nf6 2. c4 e6 3. Nc3 Bb4 4. e3 O-O 5. Ne2 c6 6. a3 Ba5 7. Qc2 d5 8. Ng3
Nbd7 9. Be2 Bc7 10. O-O h5 11. e4 h4 12. Nh5 Nxh5 13. Bxh5 dxe4 14. Nxe4 Nf6 15.
Bg5 Qxd4 16. Bxf6 gxf6 17. Rad1 Qe5 18. f4 Qf5 19. g4 hxg3 20. hxg3 Kg7 21. g4
Qh7 22. Rd2 Rh8 23. Rh2 b6 24. Rff2 Kf8 25. Bxf7 Qg7 26. Rxh8+ Qxh8 27. Bg6 Qg7
28. Bh5 f5 29. Ng5 Bxf4 30. Rxf4 Qxg5 31. Qc3 Ke7 32. Qe5 Qf6 33. Rxf5 Qxe5 34.
Rxe5 Bd7 35. Kf2 Rf8+ 36. Ke2 Rf4 37. Kd3 Kf6 38. Re4 e5 39. Ke3 Rf1 40. g5+
Kxg5 41. Rxe5+ Kf6 42. Be2 Rb1 43. Rh5 Rxb2 44. Rh7 Be6 45. Rxa7 Ke5 46. a4 Ra2
47. Rb7 Rxa4 48. Rxb6 Ra3+ 49. Kd2 Ra2+ 50. Ke3 Ra3+ 51. Kd2 Bd7 52. Rb7 Bf5 53.
Rb8 Kd4 54. Rd8+ Kc5 55. Rf8 Be6 56. Bd3 Bxc4 57. Bxc4 Kxc4 58. Rf4+ Kb5 59. Kc2
c5 60. Rh4 Rg3 61. Rf4 c4 62. Rf8 Rg2+ 1/2-1/2

[Event "4NCL 2016-17"]
[Site "Reading ENG"]
[Date "2016.11.20"]
[Round "2.62"]
[White "Roberson, Peter T"]
[Black "Jackson, James P"]
[Result "1-0"]
[WhiteTitle "IM"]
[BlackTitle "FM"]
[WhiteElo "2388"]
[BlackElo "2290"]
[WhiteTeam "Grantham Sharks"]
[BlackTeam "Barbican 4NCL"]
[WhiteFideId "412384"]
[BlackFideId "416860"]
[EventDate "2016.11.19"]

1. d4 d5 2. c4 e6 3. Nc3 c5 4. cxd5 exd5 5. Nf3 Nc6 6. dxc5 d4 7. Na4 Bxc5 8.
Nxc5 Qa5+ 9. Bd2 Qxc5 10. Rc1 Qb6 11. e3 Nf6 12. Bc4 O-O 13. O-O Bg4 14. exd4
Rad8 15. Bc3 Nd5 16. h3 Bh5 17. Re1 Qc7 18. Qd3 Bg6 19. Qf1 f6 20. b4 Qd6 21.
Nd2 Bf7 22. Ne4 Qb8 23. Bxd5 Rxd5 24. Nc5 Rc8 25. a3 Nxd4 26. Re7 Qf4 27. Bxd4
Qxd4 28. Rxb7 Rcd8 29. Rxa7 Rg5 30. Rxf7 Kxf7 31. Qc4+ Qxc4 32. Rxc4 Rd1+ 33.
Kh2 Ra1 34. a4 Ra2 35. Ne4 Re5 36. b5 f5 37. Rc7+ Re7 38. Nd6+ Ke6 39. Rc6 Rd7
40. Nc4+ Ke7 41. a5 Rxf2 42. a6 f4 43. b6 Rd3 44. b7 f3 45. Rc7+ Kf6 46. Rf7+ 1-0

[Event "4NCL 2016-17"]
[Site "Reading ENG"]
[Date "2016.11.20"]
[Round "2.63"]
[White "Tarhon, Brian"]
[Black "Batchelor, Peter J"]
[Result "1/2-1/2"]
[WhiteTitle "FM"]
[BlackTitle "FM"]
[WhiteElo "2300"]
[BlackElo "2361"]
[WhiteTeam "Barbican 4NCL"]
[BlackTeam "Grantham Sharks"]
[WhiteFideId "423190"]
[BlackFideId "424854"]
[EventDate "2016.11.19"]

1. e4 c6 2. d4 d5 3. Nc3 dxe4 4. Nxe4 Bf5 5. Ng3 Bg6 6. h4 h6 7. Nf3 Nd7 8. h5
Bh7 9. Bd3 Bxd3 10. Qxd3 e6 11. Bd2 Ngf6 12. O-O-O Be7 13. Kb1 O-O 14. Ne4 c5
15. Be3 Qc7 16. dxc5 Rfd8 17. Nxf6+ Nxf6 18. Qe2 Nd5 19. Bd4 Bxc5 20. c4 1/2-1/2

[Event "4NCL 2016-17"]
[Site "Reading ENG"]
[Date "2016.11.20"]
[Round "2.64"]
[White "Rendle, Thomas E"]
[Black "Taylor, Martin R"]
[Result "1/2-1/2"]
[WhiteTitle "IM"]
[BlackTitle "FM"]
[WhiteElo "2360"]
[BlackElo "2320"]
[WhiteTeam "Grantham Sharks"]
[BlackTeam "Barbican 4NCL"]
[WhiteFideId "408760"]
[BlackFideId "407836"]
[EventDate "2016.11.19"]

1. e4 Nf6 2. e5 Nd5 3. d4 d6 4. Nf3 dxe5 5. Nxe5 c6 6. Be2 Bf5 7. O-O Nd7 8. Bg4
Bxg4 9. Qxg4 g6 10. Nd2 Nxe5 11. dxe5 Bg7 12. Nf3 Nc7 13. Qb4 b6 14. Bg5 Ne6 15.
Bh4 Qc7 16. Rfe1 Rd8 17. a4 a5 18. Qa3 c5 19. Qe3 1/2-1/2

[Event "4NCL 2016-17"]
[Site "Reading ENG"]
[Date "2016.11.20"]
[Round "2.65"]
[White "Navarro Cia, Miguel"]
[Black "Foisor, Mihaela-Veronica"]
[Result "1/2-1/2"]
[WhiteTitle "FM"]
[BlackTitle "WIM"]
[WhiteElo "2266"]
[BlackElo "2249"]
[WhiteTeam "Barbican 4NCL"]
[BlackTeam "Grantham Sharks"]
[WhiteFideId "2221497"]
[BlackFideId "2270757"]
[EventDate "2016.11.19"]

1. e4 e6 2. d4 d5 3. Nc3 Bb4 4. e5 c5 5. Qg4 g6 6. dxc5 Bxc3+ 7. bxc3 Nc6 8. Nf3
Qa5 9. Bd2 Qxc5 10. Rb1 f5 11. Qg3 Nge7 12. Bd3 a6 13. O-O Na5 14. Qh4 Nec6 15.
Bg5 h5 16. Bf6 Rg8 17. Qg5 Bd7 18. Nh4 Ne7 19. Be2 Bb5 20. Rxb5 axb5 21. Nxg6
Rxg6 22. Bxh5 Kd7 23. Bxg6 Rg8 24. Bxe7 Qxe7 25. Qxe7+ Kxe7 26. Bh5 Rc8 27. Rb1
Rxc3 28. Rxb5 Rxc2 29. g4 Rxa2 30. g5 d4 31. g6 Kf8 32. Rb6 Nc6 33. f4 Ra7 34.
Kf2 Kg7 35. Bf3 Kxg6 36. Bxc6 bxc6 37. Rxc6 Ra2+ 38. Kf3 Ra3+ 39. Ke2 Kh5 40.
Rxe6 Kg4 41. Rd6 Kxf4 42. Rxd4+ 1/2-1/2

[Event "4NCL 2016-17"]
[Site "Reading ENG"]
[Date "2016.11.20"]
[Round "2.66"]
[White "Bremner, Adam"]
[Black "O'Toole, George E"]
[Result "1/2-1/2"]
[WhiteTitle "CM"]
[WhiteElo "2207"]
[BlackElo "2267"]
[WhiteTeam "Grantham Sharks"]
[BlackTeam "Barbican 4NCL"]
[WhiteFideId "2400847"]
[BlackFideId "412732"]
[EventDate "2016.11.19"]

1. e4 e5 2. Nf3 Nc6 3. Nc3 Nf6 4. d4 exd4 5. Nxd4 Bb4 6. Nxc6 bxc6 7. Bd3 d5 8.
exd5 cxd5 9. O-O O-O 10. h3 c6 11. Qf3 Bd6 12. Bf4 Rb8 13. b3 Rb4 14. Ne2 c5 15.
Bxd6 Qxd6 16. c4 d4 17. Qg3 Rb6 18. Qxd6 Rxd6 19. Rfe1 Re8 20. Ng3 Rxe1+ 21.
Rxe1 Re6 22. Rxe6 Bxe6 23. Kf1 Kf8 24. Ke2 g5 25. Ne4 Nxe4 26. Bxe4 h5 27. Kd3
Ke7 28. b4 Kd6 29. a3 h4 30. f3 f6 31. Ba8 Bd7 32. Bd5 f5 33. Kd2 Ba4 34. Kd3
Bb3 35. Bf7 Ba4 36. Bd5 Be8 37. Kd2 Bh5 38. Kd3 Bg6 39. Bb7 g4 40. fxg4 fxg4+
41. Be4 gxh3 42. gxh3 Bf7 43. Bf5 Ke5 44. Bd7 Bg6+ 45. Kd2 Kd6 46. Bg4 Be4 47.
Ke2 Bg2 48. Bc8 Be4 1/2-1/2

[Event "4NCL 2016-17"]
[Site "Reading ENG"]
[Date "2016.11.20"]
[Round "2.67"]
[White "Poobalasingam, Peter S"]
[Black "Purton, Ben J"]
[Result "1/2-1/2"]
[WhiteTitle "FM"]
[WhiteElo "2223"]
[BlackElo "2108"]
[WhiteTeam "Barbican 4NCL"]
[BlackTeam "Grantham Sharks"]
[WhiteFideId "410683"]
[BlackFideId "411132"]
[EventDate "2016.11.19"]

1. d3 Nf6 2. e4 d5 3. Nd2 Nc6 4. Ngf3 e5 5. Be2 Bc5 6. O-O O-O 7. c3 a5 8. Nxe5
Nxe5 9. d4 Nxe4 10. Nxe4 dxe4 11. dxc5 Nd3 12. Bxd3 Qxd3 13. Bf4 Qb5 14. Bxc7
Qxb2 15. Qd4 Re8 16. a4 Qc2 17. Rfe1 Bf5 18. Re3 Bg6 19. h4 h5 20. Rae1 Re6 21.
Be5 f6 22. Bc7 Qb3 23. Rg3 Kh7 24. Qd7 Ree8 25. Rxg6 Kxg6 26. Re3 Kh7 27. Rg3
Rg8 28. Qf5+ g6 29. Qxf6 Raf8 30. Qd4 Rf7 31. Bd6 Qb1+ 32. Kh2 Qf1 33. Qxe4 Qxf2
34. Rg5 Rf5 35. Rg3 Rg7 36. Re3 Qa2 37. Qe8 Qf7 38. Qd8 Qc4 39. Be5 Rg8 40. Qd4 1/2-1/2

[Event "4NCL 2016-17"]
[Site "Reading ENG"]
[Date "2016.11.20"]
[Round "2.68"]
[White "Tavares, Shawn P"]
[Black "Regan, Natasha K"]
[Result "1-0"]
[BlackTitle "WIM"]
[WhiteElo "2143"]
[BlackElo "2034"]
[WhiteTeam "Grantham Sharks"]
[BlackTeam "Barbican 4NCL"]
[WhiteFideId "7700016"]
[BlackFideId "403067"]
[EventDate "2016.11.19"]

1. c4 e5 2. Nc3 Nc6 3. Nf3 f5 4. d4 e4 5. Ng5 b6 6. h4 Bb4 7. e3 Nf6 8. Qb3 Qe7
9. a3 Bxc3+ 10. Qxc3 Bb7 11. b4 h6 12. Nh3 g5 13. Bb2 d5 14. b5 Nd8 15. c5 Ne6
16. Ng1 gxh4 17. Rxh4 Ng4 18. g3 Rg8 19. c6 Bc8 20. Be2 Qg7 21. Nh3 Nd8 22. a4
a6 23. Ba3 a5 24. Bxg4 fxg4 25. Nf4 Be6 26. O-O-O Qf6 27. Rdh1 Nf7 28. Qe1 O-O-O
29. Nh5 Qg5 30. Nf4 Qf6 31. Rh5 Rg5 32. Kb2 Rdg8 33. R5h4 Rd8 34. Nh5 Qf3 35.
Be7 Nd6 36. Bxd8 Nc4+ 37. Kb1 Qf8 38. Nf4 Bg8 39. Rxh6 1-0

[Event "4NCL 2016-17"]
[Site "Reading ENG"]
[Date "2016.11.20"]
[Round "2.71"]
[White "Tan, Justin2"]
[Black "Wells, Peter K"]
[Result "0-1"]
[WhiteTitle "IM"]
[BlackTitle "GM"]
[WhiteElo "2456"]
[BlackElo "2429"]
[WhiteTeam "Oxford"]
[BlackTeam "White Rose"]
[WhiteFideId "3206882"]
[BlackFideId "400327"]
[EventDate "2016.11.19"]

1. e4 e5 2. Nf3 Nc6 3. Bb5 a6 4. Ba4 Nf6 5. O-O Be7 6. d3 b5 7. Bb3 d6 8. a4 Bd7
9. c3 Na5 10. Bc2 c5 11. Re1 O-O 12. Nbd2 Qc7 13. Nf1 h6 14. Ng3 Rfe8 15. h3 Bf8
16. Nh2 b4 17. Qf3 Qd8 18. Nf5 Rb8 19. g4 Nh7 20. Nf1 Be6 21. c4 Nc6 22. Be3 g6
23. Qg2 Kh8 24. N5g3 Be7 25. Ne2 Bg5 26. Nd2 h5 27. Nf3 Bxe3 28. fxe3 hxg4 29.
hxg4 Ng5 30. Kf2 Kg7 31. Rh1 b3 32. Bd1 Qf6 33. Nc3 Rh8 34. Be2 Nb4 35. Raf1 Na2
36. Nd1 Nb4 37. Ke1 Rxh1 38. Rxh1 Nxd3+ 39. Kd2 Nxe4+ 40. Kxd3 Bxc4+ 41. Kxc4
Qe6+ 42. Kd3 c4+ 43. Kxe4 d5# 0-1

[Event "4NCL 2016-17"]
[Site "Reading ENG"]
[Date "2016.11.20"]
[Round "2.72"]
[White "Adair, James R"]
[Black "Martins, David Pires Tavares"]
[Result "1/2-1/2"]
[WhiteTitle "IM"]
[BlackTitle "FM"]
[WhiteElo "2488"]
[BlackElo "2383"]
[WhiteTeam "White Rose"]
[BlackTeam "Oxford"]
[WhiteFideId "406252"]
[BlackFideId "1909991"]
[EventDate "2016.11.19"]

1. e4 e6 2. d4 d5 3. Nc3 Nf6 4. e5 Nfd7 5. f4 c5 6. Nf3 Nc6 7. Be3 b6 8. Be2 Be7
9. O-O O-O 10. Qe1 Bb7 11. Rd1 f5 12. Kh1 cxd4 13. Nxd4 Nxd4 14. Bxd4 Nc5 15. b4
Nd7 16. a3 a5 17. Nb5 Nb8 18. c3 Nc6 19. Be3 Ba6 20. Qf2 Rb8 21. Nd4 Nxd4 22.
Bxa6 Nc6 23. Qe2 Qc7 24. g4 axb4 25. cxb4 d4 26. Bc1 b5 27. Bxb5 Nxb4 28. axb4
Qb7+ 29. Kg1 1/2-1/2

[Event "4NCL 2016-17"]
[Site "Reading ENG"]
[Date "2016.11.20"]
[Round "2.73"]
[White "Zakarian, David"]
[Black "Palliser, Richard J D"]
[Result "1/2-1/2"]
[WhiteTitle "FM"]
[BlackTitle "IM"]
[WhiteElo "2380"]
[BlackElo "2421"]
[WhiteTeam "Oxford"]
[BlackTeam "White Rose"]
[WhiteFideId "13301276"]
[BlackFideId "407372"]
[EventDate "2016.11.19"]

1. e4 c5 2. b3 Nc6 3. Bb2 Nf6 4. e5 Nd5 5. Bc4 Nb6 6. Bd3 d5 7. exd6 Qxd6 8. Na3
e5 9. Nf3 f6 10. Nh4 g6 11. f4 Bg7 12. Nb5 Qd7 13. fxe5 O-O 14. O-O Nxe5 15.
Bxe5 fxe5 16. Rxf8+ Bxf8 17. Qf3 c4 18. bxc4 a6 19. Nc3 Qd4+ 20. Kh1 Qxh4 21.
Rf1 Qf4 22. Qe2 Qd4 23. Qf3 Qf4 24. Qe2 Qd4 25. Qf3 Qf4 1/2-1/2

[Event "4NCL 2016-17"]
[Site "Reading ENG"]
[Date "2016.11.20"]
[Round "2.74"]
[White "McNab, Colin A"]
[Black "Harvey, Marcus R"]
[Result "1-0"]
[WhiteTitle "GM"]
[BlackTitle "FM"]
[WhiteElo "2433"]
[BlackElo "2276"]
[WhiteTeam "White Rose"]
[BlackTeam "Oxford"]
[WhiteFideId "2400030"]
[BlackFideId "400092"]
[EventDate "2016.11.19"]

1. Nf3 Nf6 2. c4 c5 3. g3 g6 4. b3 Bg7 5. Bb2 O-O 6. Bg2 Nc6 7. O-O d5 8. cxd5
Nxd5 9. Bxg7 Kxg7 10. Qc1 b6 11. d4 Nxd4 12. Nxd4 cxd4 13. Qc4 Nf6 14. Bxa8 Be6
15. Bd5 Qxd5 16. Qxd5 Nxd5 17. Rc1 Bc8 18. a3 Ba6 19. Ra2 e5 20. Rd2 g5 21. Rc6
Bb5 22. Rc1 g4 23. f4 f6 24. e4 Ne3 25. a4 Ba6 26. Rc7+ Rf7 27. Rxf7+ Kxf7 28.
fxe5 fxe5 29. Na3 Bb7 30. Nb5 Bc6 31. Nxa7 Bxe4 32. Nc8 Ke6 33. Nxb6 Bb7 34. Nc4
Nf5 35. Rf2 Bd5 36. a5 e4 37. a6 e3 38. Ra2 Bxc4 39. bxc4 d3 40. a7 d2 41. a8=Q
d1=Q+ 42. Kg2 Nd6 43. Qg8+ Kf6 44. Qf8+ Kg6 45. Ra6 Qe2+ 46. Kg1 Qd1+ 47. Qf1 e2
48. Rxd6+ Qxd6 49. Qxe2 Qd4+ 50. Kg2 h5 51. h3 gxh3+ 52. Kxh3 Qd7+ 53. Kg2 Qd4
54. Qe6+ Kg7 55. Qd5 Qb2+ 56. Kh3 Qe2 57. Qg5+ Kf7 58. Qf5+ Kg7 59. c5 Qd1 60.
Kh4 Qh1+ 61. Kg5 h4 62. gxh4 Qc6 63. Qe5+ Kf7 64. h5 Kg8 65. h6 Qg2+ 66. Kf6 Kh7
67. Qg5 Qc6+ 68. Kf7 Qf3+ 69. Qf6 Qd5+ 70. Ke8 Qa8+ 71. Qd8 Qa2 72. Qd6 Qa3 73.
Kd7 Qa7+ 74. Qc7 Qa2 75. Qb6 Qf7+ 76. Kc8 Qf8+ 77. Kb7 Qf3+ 78. Ka7 Qa3+ 79. Kb8
Qe3 80. Qf6 Qb3+ 81. Kc7 Qg3+ 82. Kc6 1-0

[Event "4NCL 2016-17"]
[Site "Reading ENG"]
[Date "2016.11.20"]
[Round "2.75"]
[White "Asenov, Pavel"]
[Black "Gantner, Matthias"]
[Result "0-1"]
[BlackTitle "FM"]
[WhiteElo "2207"]
[BlackElo "2287"]
[WhiteTeam "Oxford"]
[BlackTeam "White Rose"]
[WhiteFideId "433705"]
[BlackFideId "1310534"]
[EventDate "2016.11.19"]

1. d4 d6 2. e4 Nf6 3. f3 Nbd7 4. c4 e5 5. Ne2 c6 6. d5 Be7 7. Be3 Nb6 8. Ng3 h5
9. Bd3 h4 10. Ne2 Nh5 11. g4 Nf6 12. h3 Bd7 13. Nbc3 O-O 14. f4 exf4 15. Bxf4
Re8 16. Qd2 cxd5 17. exd5 Na4 18. Nxa4 Bxa4 19. Qb4 Bd7 20. O-O b5 21. Bxd6 Qb6+
22. c5 Bxd6 23. Rac1 Rac8 24. g5 Rxc5 25. Qd4 Rxc1 26. Rxc1 Nxd5 0-1

[Event "4NCL 2016-17"]
[Site "Reading ENG"]
[Date "2016.11.20"]
[Round "2.76"]
[White "Maroroa, Sue"]
[Black "Claridge-Hansen, William"]
[Result "1-0"]
[WhiteTitle "WIM"]
[BlackTitle "FM"]
[WhiteElo "2128"]
[BlackElo "2302"]
[WhiteTeam "White Rose"]
[BlackTeam "Oxford"]
[WhiteFideId "4301498"]
[BlackFideId "422509"]
[EventDate "2016.11.19"]

1. e4 c5 2. Nf3 g6 3. c3 d5 4. exd5 Qxd5 5. d4 Bg7 6. Na3 cxd4 7. Bc4 Qe4+ 8.
Be3 Nh6 9. cxd4 O-O 10. Nb5 Bg4 11. Nc7 e5 12. Bd3 Qc6 13. Rc1 Qd7 14. d5 Nc6
15. Nxa8 Qxd5 16. Nc7 Qa5+ 17. Qd2 Qxc7 18. Bxh6 Rd8 19. Bxg7 e4 20. Bf6 exf3
21. Qh6 Qa5+ 22. Rc3 Qe5+ 23. Bxe5 Nxe5 24. g3 Nxd3+ 25. Rxd3 Rxd3 26. O-O 1-0

[Event "4NCL 2016-17"]
[Site "Reading ENG"]
[Date "2016.11.20"]
[Round "2.77"]
[White "Gerlagh, Joris"]
[Black "Brown, Martin"]
[Result "0-1"]
[BlackTitle "FM"]
[WhiteElo "2288"]
[BlackElo "2302"]
[WhiteTeam "Oxford"]
[BlackTeam "White Rose"]
[WhiteFideId "1038834"]
[BlackFideId "401480"]
[EventDate "2016.11.19"]

1. e4 e6 2. d3 d5 3. Nd2 c5 4. g3 Nc6 5. Ngf3 g6 6. Bg2 Bg7 7. O-O Nge7 8. Re1
b6 9. Nf1 Bb7 10. c3 d4 11. c4 e5 12. a3 a5 13. Rb1 Nc8 14. g4 a4 15. Ng3 Qd7
16. g5 h6 17. gxh6 Bxh6 18. Bxh6 Rxh6 19. Qd2 Rh8 20. Qg5 Qe7 21. h4 Qxg5 22.
hxg5 Kd8 23. Kf1 Nd6 24. Ke2 Kc7 25. Rh1 Rxh1 26. Rxh1 Ba6 27. Rc1 Rb8 28. Rc2
Bc8 29. Nf1 Be6 30. N1d2 Bg4 31. Kf1 Rh8 32. Kg1 Rh5 33. Bf1 Nb7 34. Kg2 Nbd8
35. Kg3 Bxf3 36. Nxf3 Ne6 37. Bh3 Nf4 38. Bg4 Rh1 39. Rd2 Kd6 40. Bc8 Na5 41.
Bg4 Nb3 0-1